| 000 | 00485nam a22001577a 4500 | ||
|---|---|---|---|
| 008 | 151208b xxu||||| |||| 00| 0 eng d | ||
| 020 | _a9780192801487 | ||
| 050 | _aP121.M343 2003 | ||
| 100 |
_aMatthews, Peter H. _921250 |
||
| 245 |
_aLinguistics _ba very short introduction _cPeter H. Matthews |
||
| 260 |
_aOxford _bOxford University Press _c2003 |
||
| 300 |
_a132p. ; _c18cm. |
||
| 440 |
_aVery short introductions _921251 |
||
| 650 |
_aLinguistics _97660 |
||
| 942 |
_2lcc _cMONOGRAPH |
||
| 999 |
_c123849 _d123849 |
||